000 00611nam a2200217 a 4500
001 BRCA_4085
005 20190320204535.0
008 180210s1929----sp-a######---#000-0#spa-#
041 _aspa
044 _asp
050 4 _aDP42.E8
_b.S36 1929
100 1 _aSánchez Canton, Francisco Javier.
_910577
245 1 0 _aSpain
_cF. J. Sánchez Canton.
260 _aMadrid
_bGráficas Reunidas
_c[1929?]
300 _a157 p.
_bil., mapas
_c17 cm.
500 _aCEF55
651 4 _aEspaña
_xDescripción y viajes
_97912
710 2 _aPatronato Nacional de Turismo (España)
_910578
902 _aGFM
942 _2lcc
_cB
999 _c3807
_d3807